|
|
|
|
| LEADER |
00000nam a2200000 4500 |
| 001 |
vtls012125242 |
| 003 |
SK-MaSNL |
| 005 |
20260426013617.0 |
| 008 |
230501s2021 xo oe g 000 0 slo |
| 015 |
|
|
|a SNBE2022
|
| 020 |
|
|
|q (brožované)
|
| 035 |
|
|
|a urn:nbn:sk:snk-am00ibmb
|
| 035 |
|
|
|a 9F587BE5-0581-4429-A4C8-4D469DB77D91
|
| 040 |
|
|
|a SNK
|b slo
|c SNK
|e rda
|
| 041 |
0 |
|
|a slo
|
| 043 |
|
|
|a e-xo---
|
| 044 |
|
|
|a xo
|c SK
|
| 072 |
|
7 |
|a 069
|x Múzeá. Muzeológia. Múzejníctvo. Výstavy
|2 konspekt
|
| 080 |
|
|
|a 069:39
|2 2011
|
| 080 |
|
|
|a 069:72.031.4
|2 2011
|
| 080 |
|
|
|a 72.031.4
|2 2011
|
| 080 |
|
|
|a 39
|2 2011
|
| 080 |
|
|
|a (437.6)
|2 2011
|
| 080 |
|
|
|a (036)
|2 2011
|
| 100 |
1 |
|
|a Očková, Katarína,
|d 1980-
|4 aut
|9 243365
|
| 245 |
1 |
0 |
|a Múzeum slovenskej dediny
|b stručný sprievodca po expozícii
|c text: Katarína Očková, Anna Kiripolská, Stanislav Horváth ; fotografie a grafická úprava: Milo Fabian ; zostavili: Anna Kiripolská, Mária Halmová
|
| 250 |
|
|
|a Tretie vydanie
|
| 264 |
|
1 |
|a Martin
|b Slovenské národné múzeum v Martine
|c 2021
|
| 300 |
|
|
|a 10 nečíslovaných strán
|b farebné fotografie, 1 plán
|c 21 cm
|
| 336 |
|
|
|a text
|b txt
|2 rdacontent
|
| 336 |
|
|
|a statický obraz
|b sti
|2 rdacontent
|
| 337 |
|
|
|a bez média
|b n
|2 rdamedia
|
| 338 |
|
|
|a zväzok
|b nc
|2 rdacarrier
|
| 500 |
|
|
|a Názov z obálky
|
| 610 |
2 |
7 |
|a Múzeum slovenskej dediny (Martin, Slovensko)
|2 SNKKA
|9 34473
|
| 650 |
0 |
7 |
|a etnografické múzeá
|2 SNKPH
|9 67739
|
| 650 |
0 |
7 |
|a skanzeny
|2 SNKPH
|9 43922
|
| 650 |
0 |
7 |
|a ľudová architektúra
|2 SNKPH
|9 2956
|
| 650 |
0 |
7 |
|a ľudová kultúra
|2 SNKPH
|9 66058
|
| 650 |
0 |
7 |
|a Ethnological museums
|2 SNKPHeng
|9 282267
|
| 650 |
0 |
7 |
|a Open-air museums
|2 SNKPHeng
|9 312647
|
| 650 |
0 |
7 |
|a Vernacular architecture
|2 SNKPHeng
|9 312646
|
| 650 |
0 |
7 |
|a Folk culture
|2 SNKPHeng
|9 265677
|
| 651 |
|
7 |
|a Martin (Slovakia)
|2 SNKPHeng
|9 266720
|
| 651 |
|
7 |
|a Martin (Slovensko)
|2 SNKPH
|9 16875
|
| 655 |
|
7 |
|a informačné publikácie
|2 SNKPH
|9 70181
|
| 655 |
|
7 |
|a Information publications
|2 SNKPHeng
|9 265188
|
| 700 |
1 |
|
|a Kiripolská, Anna
|4 aut
|4 com
|9 267786
|
| 700 |
1 |
|
|a Horváth, Stanislav,
|d 1948-
|4 aut
|9 118730
|
| 700 |
1 |
|
|a Fabian, Milo
|4 bkd
|4 pht
|9 355141
|
| 700 |
1 |
|
|a Halmová, Mária,
|d 1955-
|4 com
|9 231701
|
| 852 |
|
|
|a Slovenská národná knižnica
|
| 954 |
|
|
|a odborná, vedecká literatúra pôvodná (slovenská)
|2 lita
|
| 999 |
|
|
|c 1128299
|d 1130229
|
| 952 |
|
|
|a SNK
|b SNK
|y PREZ
|7 0
|p 17A1479451
|o snkOSC 29503
|i snk2022/3047
|8 0
|0 0
|1 0
|4 0
|d 2022-02-28
|f 1
|l 0
|r 2026-02-24 18:53:01
|w 2026-02-24
|
| 952 |
|
|
|a SNK
|b SNK
|y PREZ
|7 0
|p 17A1479452
|o snkOSC 29503 D1
|i snk2022/3049
|8 0
|0 0
|1 0
|4 0
|d 2022-02-28
|l 0
|r 2026-02-24 18:53:01
|w 2026-02-24
|